| 000 -LEADER |
| fixed length control field |
00984cam a2200289 a 4500 |
| 001 - CONTROL NUMBER |
| control field |
19596 |
| 003 - CONTROL NUMBER IDENTIFIER |
| control field |
BD-DhUAP |
| 005 - DATE AND TIME OF LATEST TRANSACTION |
| control field |
20200227121508.0 |
| 008 - FIXED-LENGTH DATA ELEMENTS--GENERAL INFORMATION |
| fixed length control field |
200227s2011 bg ae b 000 0 eng d |
| 020 ## - INTERNATIONAL STANDARD BOOK NUMBER |
| International Standard Book Number |
9789843332783 |
| 025 ## - OVERSEAS ACQUISITION NUMBER |
| Overseas acquisition number |
B-E-2012-323998; 06 |
| 035 ## - SYSTEM CONTROL NUMBER |
| System control number |
(OCoLC)ocn797001183 |
| 035 ## - SYSTEM CONTROL NUMBER |
| System control number |
(OCoLC)797001183 |
| 037 ## - SOURCE OF ACQUISITION |
| Stock number |
Library of Congress -- New Delhi Overseas Office |
| 040 ## - CATALOGING SOURCE |
| Original cataloging agency |
MYG |
| Language of cataloging |
eng |
| Transcribing agency |
MYG |
| Modifying agency |
DKAGE |
| -- |
BD-DhUAP |
| Description conventions |
Eng |
| 082 04 - DEWEY DECIMAL CLASSIFICATION NUMBER |
| Classification number |
720.95492 MUZ |
| Edition number |
23 |
| 245 10 - TITLE STATEMENT |
| Title |
Muzharul Islam architect / |
| Statement of responsibility, etc. |
editors: Zainab Faruqui Ali and Fuad H. Mallick. |
| 260 ## - PUBLICATION, DISTRIBUTION, ETC. |
| Place of publication, distribution, etc. |
Dhaka : |
| Name of publisher, distributor, etc. |
BRAC University Press, |
| Date of publication, distribution, etc. |
c2011. |
| 300 ## - PHYSICAL DESCRIPTION |
| Extent |
188 pages : |
| Other physical details |
illustrations ; |
| Dimensions |
26 cm. |
| 504 ## - BIBLIOGRAPHY, ETC. NOTE |
| Bibliography, etc. note |
Includes bibliographical references. |
| 520 ## - SUMMARY, ETC. |
| Summary, etc. |
Contributed articles on the work of Muzharul Islam, architect from Bangladesh. |
| 600 10 - SUBJECT ADDED ENTRY--PERSONAL NAME |
| Personal name |
Islam, Muzharul, |
| Dates associated with a name |
1923-2012. |
| 650 ## - SUBJECT ADDED ENTRY--TOPICAL TERM |
| Topical term or geographic name entry element |
Architecture. |
| 700 1# - ADDED ENTRY--PERSONAL NAME |
| Personal name |
Ali, Zainab Faruqui. |
| 700 1# - ADDED ENTRY--PERSONAL NAME |
| Personal name |
Mallick, Fuad Hassan. |
| 942 ## - ADDED ENTRY ELEMENTS (KOHA) |
| Source of classification or shelving scheme |
|
| Koha item type |
Book |